|
|
|
|
| LEADER |
00000nab a2200000 ar4500 |
| 001 |
vtls009003853 |
| 003 |
SK-MaSNL |
| 005 |
20260303065612.0 |
| 008 |
070628c2007 xo mr|p|||||||000 b|slo |
| 015 |
|
|
|a SNBRB2007/06
|2 snkbucl
|
| 038 |
|
|
|a SNKBUCL
|
| 040 |
|
|
|a SNKBUCL
|b slo
|c SNKBUCL
|e AACR2
|
| 041 |
0 |
|
|a slo
|
| 044 |
|
|
|a xo
|c SK
|
| 080 |
|
|
|a 336.712
|x (100:437.6)
|2 2001
|
| 245 |
0 |
0 |
|a Preniesť podnikanie cez hranice
|c [autor] (ip)
|
| 300 |
|
|
|b Fotogr.
|
| 610 |
2 |
7 |
|a ABN AMRO Bank (Holandsko)
|z Slovensko
|2 snkbucl
|9 1033294
|
| 773 |
0 |
|
|t Financie
|g Roč. II., č. 5 (2007), s. 24
|x 1337-0146
|
| 852 |
|
|
|a SNK
|b KIS3GCP
|
| 958 |
|
|
|a SK
|
| 958 |
|
|
|a NL
|
| 999 |
|
|
|c 1751878
|d 1753808
|